01428 2200541 4500001002100000005001500021035002000036245011100056100004200167250000600209300003800215700002300253260003400276082001300310084002000323020002200343650001100365990001700376990001700393990001700410990001700427990001700444990001700461990001700478990001700495990001700512990001700529990001700546990001700563990001700580990001700597990001700614990001700631990001700648990001700665990001700682990001700699990001700716990001700733990001700750990001700767990001700784990001700801990001700818990001700835990001700852990001700869INLIS00000000000002720180725114751 a0010-07180000271 aShalat berjamaah /cAl Imam Al Imam Hafizh Abul 'Ula Muhammad Abdurrahman; Alih bahasa, Drs. Zaenuri Siroj0 aHafizh Abul 'Ula Muhammad Abdurrahman a- axxiii, 71 hlm. :bilus. ;c25 cm.0 aDrs. Zaenuri Siroj aTangerang :bPT Albama,c2009 a297.3822 a297.3822 IMA s a978-602-316-905-4 aShalat a00106/P/2018 a00107/P/2018 a00108/P/2018 a00109/P/2018 a00110/P/2018 a00106/P/2018 a00107/P/2018 a00108/P/2018 a00109/P/2018 a00110/P/2018 a00107/P/2018 a00106/P/2018 a00108/P/2018 a00109/P/2018 a00110/P/2018 a00108/P/2018 a00106/P/2018 a00107/P/2018 a00109/P/2018 a00110/P/2018 a00109/P/2018 a00106/P/2018 a00107/P/2018 a00108/P/2018 a00110/P/2018 a00110/P/2018 a00106/P/2018 a00107/P/2018 a00108/P/2018 a00109/P/2018